| 000 | 00654cam a2200253 4500 | ||
|---|---|---|---|
| 008 | 090401t1993 xxu||||| |||| 00| 0 eng d | ||
| 020 | _a0117015687 | ||
| 035 | _a(Sirsi) u70476 | ||
| 041 | _aeng | ||
| 050 | _a639.9 | ||
| 100 | _aFirbank, L.G. | ||
| 245 | _aManaging set-aside land for wildlife. | ||
| 260 |
_aLondon _bHMSO _c1993 |
||
| 300 | _a146p. ; 21cm. | ||
| 350 | _a9.95 | ||
| 490 |
_aITE Research Publication _v7 |
||
| 650 | _aSET-ASIDE LAND | ||
| 650 | _aWILDLIFE CONSERVATION | ||
| 650 | _aWILDLIFE HABITATS | ||
| 690 | _aCONSERVATION | ||
| 710 |
_aInstitute of Terrestrial Ecology _92528 |
||
| 942 | _n0 | ||
| 948 | _c04/03/1997 | ||
| 999 |
_c95330 _d95330 |
||